000 00739nam a22002057a 4500
999 _c17309
_d17309
003 AR-CdUCM
008 190508b ||||| |||| 00| 0 spa d
040 _aMUNICIPALIDAD PROVINCIAL DEL CUSCO
_cBIBLIOTECA MUNICIPAL DEL CUSCO
082 _a869.56 /
_bB85
100 _aBryce Echenique, Alfredo
_97372
245 _aLa pasión según San Pedro Balbuena que fue tantas veces Pedro y que nunca pudo negar a nadie /
260 _aLima :
_bLibre 1,
_c1977.
300 _a277 páginas ;
_c22 cm.
505 _aContenido: Yankee come home -- Dios es turco -- Los dos corazones humanos -- Sophie.
650 _aLiteratuta Peruana
_937247
650 _aNovela
_95
650 _aSiglo XX
_98
942 _2ddc
_cLIBROS
945 _aachl
_d2019-05-08